Movie Taglines 2 - Statistics

General Stats
  • This quiz has been taken 27 times
  • The average score is 6 of 15
Answer Stats
Hint Answer % Correct
Houston, we have a problem Apollo 13
94%
Nice planet. We'll take it! Mars Attacks!
63%
A romantic comedy. With zombies Shaun of the Dead
56%
The bitch is back Alien 3
50%
Reality is a thing of the past The Matrix
50%
Whoever wins, we lose Alien vs. Predator
44%
The true story of a real fake Catch Me if You Can
44%
Here Comes the Bride Kill Bill Vol.1
38%
Holli would if she could... and she will Cool World
31%
You won't believe your eye Monsters Inc.
31%
Makes Ben Hur look like an epic Monty Python and the Holy Grail
25%
This time, it's personal Jaws: The Revenge
19%
Fear takes flight Red Eye
19%
See it with a bud Dazed and Confused
13%
People of Earth, your planet is about to be destroyed. We're terribly sorry for the inconvenience TerrorVision
13%
No matching quizzes found
Score Distribution
Percent of People with Each Score
Percentile by Number Answered
Your Score History
You have not taken this quiz